000 00815nam0a2200289 4500
001 RU\NLR\BIBL_A\012464702
005 20250624042031.0
035 _a(NLR Aleph) 012464702
090 _a13302974
_c13302974
100 _a20210302d1961 |||y0rusy50 ca
101 0 _akur
102 _aAM
105 _ay z 000yy
181 0 _ai
_baxxe
182 0 _an
200 1 _aCuce
_fМирое Әсәд
203 _aТекст
_bвизуальный
_cнепосредственный
210 _aЕреван
_cһайпеmһраm
_d1961
215 _a121[2] с.
_d17
541 1 _6z01790
_aСисе
_zrus
686 1 _aШ6(2=Курд.)
700 1 _aМирое
_bӘ.
_gӘсәд
790 1 _6z01541
_aМирое
_bӘ .
_gӘсәд
_4070
852 _aNLR
_bОНЛ
_jКурд./2-76
942 _cBOOK
980 _aNB